Επίτομος εισαγωγή εις την λατινικήν γλώσσαν : (ετυμολογίαν)

Αποθηκεύτηκε σε:
Λεπτομέρειες βιβλιογραφικής εγγραφής
Κύριος συγγραφέας: Skutsch, Franz 1865-1912
Άλλοι συγγραφείς: Σκάσσης, Ερρίκος Α.
Μορφή: Βιβλίο
Γλώσσα:Greek
Δημοσίευση: Αθήναι : [χ.ό.], 1955
Θέματα:
Ετικέτες: Προσθήκη ετικέτας
Δεν υπάρχουν, Καταχωρήστε ετικέτα πρώτοι!

MARC

LEADER 00000cam a2200000 i 4500
001 1/97446
008 081118s1955 gre d
035 |l 10101715 
040 |a GR-MY-UA  |b gre  |e aacr 
041 0 |a gre 
082 0 |a 472  |2 (22) 
100 1 |a Skutsch, Franz  |d 1865-1912. 
245 1 0 |a Επίτομος εισαγωγή εις την λατινικήν γλώσσαν :  |b (ετυμολογίαν) /  |c Franz Skutsch - Ερρίκου Σκάσση 
260 |a Αθήναι :   |b [χ.ό.],   |c 1955 
300 |a 92 σ.;  |c 24 εκ. 
500 |a "Παράρτημα της Επιστημονικής επετηρίδος της Φιλοσοφικής Σχολής του Πανεπιστημίου Αθηνών, 1953-1954 και 1954-1955" 
504 |a Βιβλιογραφία: σ. [87]-88 
650 0 0 |a Latin language  |x Etymology. 
650 0 0 |a Latin philology. 
700 1 |a Σκάσσης, Ερρίκος Α. 
852 |a INST  |b RHODES  |c AKA  |e 20081118  |h  472 SKU  |p 005400031098  |q 005400031098  |t BK  |y 0 
901 |a BIBL4-2008-3 
909 |a Ρ  |b 153621 
970 |a ΚΟΖΑ  |b ΜΑΡΙΑ  |z 2008/11/18